ბათუმის შოთა რუსთაველის სახელმწიფო უნივერსიტეტის ბიბლიოთეკა

დასავლეთ საქართველოს ავტოქთონური ვაზის ჯიშების ფენოლური ნაერთები : (ბიბ.ჩანაწერი № 60463)

000 -ლიდერი
ფიქსირებული სიგრძის საკონტროლო ველი 01413nam a22002417a 4500
003 - საკონტროლო ნომრის იდენტიფიკატორი
საკონტროლო ველი Ge_BSU
005 - ბოლო ოპერაციის თარიღი და დრო
საკონტროლო ველი 20230724171651.0
008 - ფიქსირებული სიგრძის მონაცემთა ელემენტები - ზოგადი ინფორმაცია
ფიქსირებული სიგრძის საკონტროლო ველი 230724s2019ge xxu||||| |||| 00| 0 geo d
020 ## - წიგნის საერთაშორისო სტანდარტული ნომერი
International Standard Book Number 9789941488177
041 ## - ენის კოდი
Language code of text/sound track or separate title geo
080 ## - უნივერსალური ათობითი კლასიფიკაციის ინდექსი
Universal Decimal Classification number 634.8(479.22) ხ-25
100 ## - მთავარი ჩანაწერი - პიროვნების სახელი
Personal name ხარაძე, მაია, ავტორი.
9 (RLIN) 19508
245 ## - ცნობა სათაურის შესახებ
Title დასავლეთ საქართველოს ავტოქთონური ვაზის ჯიშების ფენოლური ნაერთები :
Remainder of title მონოგრაფია /
Statement of responsibility, etc მაია ხარაძე ; მაია ვანიძე; ალეკო კალანდია
264 ## - წარმოების, გამოცემის, დისტრიბუციის და სხვა ცნობები
გამოცემის, წარმოების, დისტრიბუციის... ადგილი ბათუმი :
გამოცემის, წარმოების, დისტრიბუციის... სახელწოდება ბათუმის შოთა რუსთაველის სახელმწიფო უნივერსიტეტი,
გამოცემის, წარმოების, დისტრიბუციის... თარიღი 2019.
300 ## - ფიზიკური აღწერა
Extent 68 გვ.:
Other physical details ილ., დიაგრ., ცხრ.
Dimensions 19 სმ.
504 ## - BIBLIOGRAPHY, ETC. NOTE
Bibliography, etc იბლიოგრაფია: გვ 61-68
653 ## - INDEX TERM--UNCONTROLLED
Uncontrolled term დასავლეთ საქართველოს ავტოქთონური ვაზის ჯიშების ფენოლური ნაერთები
653 ## - INDEX TERM--UNCONTROLLED
Uncontrolled term მებაღეობა
700 ## - ADDED ENTRY--PERSONAL NAME
Personal name ვანიძე, მაია
9 (RLIN) 19509
700 ## - ADDED ENTRY--PERSONAL NAME
Personal name კალანდია, ალეკო
9 (RLIN) 2893
773 ## - HOST ITEM ENTRY
Title ნაჩუქარი
942 ## - ADDED ENTRY ELEMENTS (KOHA)
Source of classification or shelving scheme
Koha item type წიგნი
ეგზემპლარები
ჩამოწერის სტატუსი დაკარგული ეგზემპლარის სტატუსი კლასიფიკაციის წყარო ან თაროზე გაწყობის სქემა დაზიანების სტატუსი არ გაიცემა მუდმივი მდებარეობა (დაცვის ადგილი) ამჟამინდელი ადგილსამყოფელი თაროზე განთავსების ადგილი შეძენის თარიღი ღირებულება, შესყიდვის ნორმალური ფასი სრული შენახვის შიფრი შტრიხკოდი ბოლო ოპერაციის თარიღი ეგზემპლარის მიმდევრობითი ნომერი (კეტერი?) ფასის ძალაში შესვლის თარიღი ეგზემპლარის სახეობა საჯარო შენიშვნა
          ბათუმის შოთა რუსთაველის სახელმწიფო უნივერსიტეტის მთავარი ბიბლიოთეკა ბათუმის შოთა რუსთაველის სახელმწიფო უნივერსიტეტის მთავარი ბიბლიოთეკა წიგნსაცავი 2023-07-24 4.00 634.8(479.22) ხ-25 65028 2023-07-24 65028 2023-07-24 წიგნი 4.00